000 00612nam a22002057a 4500
005 20160118142619.0
010 _aENG-114484
020 _a9788120351080
_c295.00
035 _aEN-98016
037 _bDBAD/PUB
082 _a621.395
100 _aMansaf Alam
245 _aDigital logic design /
_cby Mansaf Alam [and] Bashir Alam
260 _aDelhi
_bPHI Learning
_c2016
270 _aRimjhim House, 111, Patparganj Industrial Estate
_bDelhi
_e110092
300 _axv,280p.:
_c24cm(pbk)
_bill.
500 _aIncludes index
700 _aBashir Alam
942 _2ddc
_cEN
_mMAN
_h621.395
999 _c98278
_d98278